000 00653nam a2200277Ia 4500
005 20260324144350.0
008 008 260324s9999 xx 000 0 eng d
020 _a9781003034414
037 _aEBOOK
040 _aCRL
040 _beng
040 _cCRL
041 _2eng
041 _aeng
084 _qCRL
100 _aDonald K. Sharpes
_91195620
245 0 _aInternational Perspectives on Teacher Education
260 _bTaylor and Francis
260 _c1988
365 _a
365 _b160
856 _uhttp://www.taylorfrancis.com/books/9781003034414
942 _cEBOOK
999 _c1825586
_d1825586